<?xml version="1.0" encoding="UTF-8"?>
<record
    xmlns:xsi="http://www.w3.org/2001/XMLSchema-instance"
    xsi:schemaLocation="http://www.loc.gov/MARC21/slim http://www.loc.gov/standards/marcxml/schema/MARC21slim.xsd"
    xmlns="http://www.loc.gov/MARC21/slim">

  <leader>03638Cam#a22005535a#4500</leader>
  <controlfield tag="003">AR-RoUNA</controlfield>
  <controlfield tag="005">20260408103234.0</controlfield>
  <controlfield tag="008">140529s2014||||ag|||||f     a||1 0|spa d</controlfield>
  <datafield tag="040" ind1=" " ind2=" ">
    <subfield code="a">AR-RoUNA</subfield>
    <subfield code="b">spa</subfield>
    <subfield code="d">AR-RoUNA</subfield>
  </datafield>
  <datafield tag="041" ind1=" " ind2=" ">
    <subfield code="a">spa</subfield>
  </datafield>
  <datafield tag="044" ind1=" " ind2=" ">
    <subfield code="a">ag</subfield>
  </datafield>
  <datafield tag="100" ind1=" " ind2=" ">
    <subfield code="a">Mateos, Alicia</subfield>
    <subfield code="9">3313</subfield>
  </datafield>
  <datafield tag="245" ind1="1" ind2="0">
    <subfield code="a">Una evaluac&#xED;on del Plan Director Rosario 1991.</subfield>
    <subfield code="b">El discurso enunciativo y el plan instrumental</subfield>
    <subfield code="c">/ Alicia Mateos</subfield>
  </datafield>
  <datafield tag="260" ind1=" " ind2=" ">
    <subfield code="a">Rosario :</subfield>
    <subfield code="b">CURDIUR;  Centro Universitario Rosario de Investigaciones Urbanas y Regionales.</subfield>
    <subfield code="c">junio, 1999.</subfield>
  </datafield>
  <datafield tag="300" ind1=" " ind2=" ">
    <subfield code="a">38 p. ;</subfield>
    <subfield code="b">tablas</subfield>
    <subfield code="b">planos</subfield>
    <subfield code="c">29x21 cm.</subfield>
  </datafield>
  <datafield tag="490" ind1=" " ind2=" ">
    <subfield code="a">Cuadernos del CURDIUR </subfield>
    <subfield code="v">v. 65</subfield>
  </datafield>
  <datafield tag="505" ind1="0" ind2=" ">
    <subfield code="t">INDICE</subfield>
  </datafield>
  <datafield tag="505" ind1="0" ind2=" ">
    <subfield code="t">INTRODUCCION</subfield>
  </datafield>
  <datafield tag="505" ind1="0" ind2=" ">
    <subfield code="t">PARTE 1 </subfield>
  </datafield>
  <datafield tag="505" ind1="0" ind2=" ">
    <subfield code="t">LA EXPLICITACION DEL PLAN DIRECTOR DE LA CIUDAD DE ROSARIO. PRINCIPALES DEFINICIONES</subfield>
  </datafield>
  <datafield tag="505" ind1="0" ind2=" ">
    <subfield code="t">LOS AVANCES PRELIMINARES - PRINCIPALES DEFINICIONES</subfield>
  </datafield>
  <datafield tag="505" ind1="0" ind2=" ">
    <subfield code="t">El documento de 1985. Los principios conceptuales del Plan. p. 8  </subfield>
  </datafield>
  <datafield tag="505" ind1="0" ind2=" ">
    <subfield code="t">El documento de 1987. La identificaci&#xF3;n de las estrategias de acci&#xF3;n. p. 10</subfield>
  </datafield>
  <datafield tag="505" ind1="0" ind2=" ">
    <subfield code="t">LA FORMALIZACION DEL PLAN. EL DOCUMENTO DE 1991</subfield>
  </datafield>
  <datafield tag="505" ind1="0" ind2=" ">
    <subfield code="t">La explicitaci&#xF3;n de los puntos de partida. p. 15</subfield>
  </datafield>
  <datafield tag="505" ind1="0" ind2=" ">
    <subfield code="t">La memoria general del Plan . Presentaci&#xF3;n de contenidos.. p. 18</subfield>
  </datafield>
  <datafield tag="505" ind1="0" ind2=" ">
    <subfield code="a">La definici&#xF3;n de los principios de actuaci&#xF3;n. 18. </subfield>
  </datafield>
  <datafield tag="505" ind1="0" ind2=" ">
    <subfield code="a">La definici&#xF3;n de pol&#xED;ticas de actuaci&#xF3;n. p. 19  </subfield>
  </datafield>
  <datafield tag="505" ind1="0" ind2=" ">
    <subfield code="a">La definici&#xF3;n de las estrategias de actuaci&#xF3;n. p. 22. </subfield>
  </datafield>
  <datafield tag="505" ind1="0" ind2=" ">
    <subfield code="a">La definici&#xF3;n de acciones concretas. p. 25.  </subfield>
  </datafield>
  <datafield tag="505" ind1="0" ind2=" ">
    <subfield code="a">La definici&#xF3;n de los mecanismos instrumentales. p. 26.</subfield>
  </datafield>
  <datafield tag="505" ind1="0" ind2=" ">
    <subfield code="a">El plan y las pol&#xED;ticas sectoriales. p. 26</subfield>
  </datafield>
  <datafield tag="505" ind1="0" ind2=" ">
    <subfield code="t">PARTE II</subfield>
  </datafield>
  <datafield tag="505" ind1="0" ind2=" ">
    <subfield code="t">UNA INTERPRETACION SOBRE EL PLAN</subfield>
  </datafield>
  <datafield tag="505" ind1="0" ind2=" ">
    <subfield code="t">LAS PRINCIPALES DEFINICIONES DEL PLAN DE 91. UNA SINTESIS</subfield>
  </datafield>
  <datafield tag="505" ind1="0" ind2=" ">
    <subfield code="t">LOS ASPECTOS PROBLEMATICOS DEL PLAN</subfield>
  </datafield>
  <datafield tag="505" ind1="0" ind2=" ">
    <subfield code="t">LOS LOGROS Y LOS DEFICITS DEL PLAN. UNA EVALUACION</subfield>
  </datafield>
  <datafield tag="505" ind1="0" ind2=" ">
    <subfield code="a">Sobre el efectivo caracteres del plan. p. 39</subfield>
  </datafield>
  <datafield tag="505" ind1="0" ind2=" ">
    <subfield code="a">Los aspectos que es necesario revisar. p. 40</subfield>
  </datafield>
  <datafield tag="520" ind1="3" ind2=" ">
    <subfield code="a">La elaboraci&#xF3;n de este Plan se abord&#xF3; como reformulaci&#xF3;n del "Plan regulador Rosario" del a&#xF1;o 1968, respetando algunas de sus estrategias y reformulando sustancialmente otras, sobre la base de la identificaci&#xF3;n de desajustes instrumentales respecto de la realidad construida de la ciudad, de la definici&#xF3;n de nuevas necesidades a partir de transformaciones ocurridas y del reconocimiento de nuevas posibilidades de orientaci&#xF3;n desde la t&#xE9;cnica urban&#xED;stica. Paralelamente a la reelaboraci&#xF3;n de los enunciados del Plan, se ha operado en la modificaci&#xF3;n de la normativa que acompa&#xF1;aba al Plan del 68 (a trav&#xE9;s de una serie de proyectos normativos aprobados, y otros que se encuentran en proceso de revisi&#xF3;n), con el objeto de regular fundamentalmente la actividad privada de construcci&#xF3;n del espacio urbano pero tambi&#xE9;n de orientan la actuaci&#xF3;n p&#xFA;blica. La actual pol&#xED;tica municipal de dotar a la ciudad de un Plan Estrat&#xE9;gico (en proceso de elaboraci&#xF3;n agrega complejidad a la situaci&#xF3;n. El plan Estrat&#xE9;gico, es por definici&#xF3;n, un instrumento mas amplio que el Plan Director, en el cual a este ultimo se deber&#xED;a encuadrar.</subfield>
  </datafield>
  <datafield tag="610" ind1="2" ind2="4">
    <subfield code="a">Universidad Nacional de Rosario. Facultad de Arquitectura, Planeamiento y Dise&#xF1;o.</subfield>
    <subfield code="b">CURDIUR (Centro Universitario Rosario de Investigaciones Urbanas y Regionales).</subfield>
    <subfield code="9">2924</subfield>
  </datafield>
  <datafield tag="650" ind1=" " ind2="4">
    <subfield code="a">Urbanismo</subfield>
  </datafield>
  <datafield tag="650" ind1=" " ind2="4">
    <subfield code="a">Planes directores</subfield>
  </datafield>
  <datafield tag="651" ind1=" " ind2="0">
    <subfield code="a">Rosario (Santa Fe, Argentina)</subfield>
    <subfield code="9">1246</subfield>
  </datafield>
  <datafield tag="908" ind1=" " ind2=" ">
    <subfield code="a">Imp</subfield>
  </datafield>
  <datafield tag="942" ind1=" " ind2=" ">
    <subfield code="c">LIB</subfield>
    <subfield code="2">udc</subfield>
  </datafield>
  <datafield tag="945" ind1=" " ind2=" ">
    <subfield code="d">2023-10-25</subfield>
  </datafield>
  <datafield tag="980" ind1=" " ind2=" ">
    <subfield code="g">Maricel Allasia</subfield>
    <subfield code="6">5</subfield>
    <subfield code="a">Mar&#xED;a Machado</subfield>
    <subfield code="8">1</subfield>
  </datafield>
  <datafield tag="999" ind1=" " ind2=" ">
    <subfield code="c">12352</subfield>
    <subfield code="d">12352</subfield>
  </datafield>
  <datafield tag="952" ind1=" " ind2=" ">
    <subfield code="0">0</subfield>
    <subfield code="1">0</subfield>
    <subfield code="2">udc</subfield>
    <subfield code="4">0</subfield>
    <subfield code="7">0</subfield>
    <subfield code="a">CURDIUR</subfield>
    <subfield code="b">CURDIUR</subfield>
    <subfield code="d">2026-03-03</subfield>
    <subfield code="l">0</subfield>
    <subfield code="p">LCUR-0359</subfield>
    <subfield code="t">ej. 1</subfield>
    <subfield code="y">LIB</subfield>
    <subfield code="x"></subfield>
  </datafield>
  <datafield tag="952" ind1=" " ind2=" ">
    <subfield code="0">0</subfield>
    <subfield code="1">0</subfield>
    <subfield code="2">cdu</subfield>
    <subfield code="4">0</subfield>
    <subfield code="5">0</subfield>
    <subfield code="7">0</subfield>
    <subfield code="a">AR-RoUNA</subfield>
    <subfield code="b">AR-RoUNA</subfield>
    <subfield code="c">Mos</subfield>
    <subfield code="d">2026-04-08</subfield>
    <subfield code="e">Don</subfield>
    <subfield code="l">0</subfield>
    <subfield code="o">711.16(821.6.17)  M425</subfield>
    <subfield code="p">18481</subfield>
    <subfield code="t">ej. 1</subfield>
    <subfield code="y">LIB</subfield>
    <subfield code="x"></subfield>
  </datafield>
</record>
